| 000 | 00734nam a2200193 a 4500 | ||
|---|---|---|---|
| 001 | 000036766 | ||
| 005 | 20240301185227.0 | ||
| 008 | 111020q1985 mx 000 0 spa d | ||
| 040 |
_aDO-SdBNP _bspa _cBNPHU |
||
| 082 |
_axxxx _bM392o, 1985 |
||
| 100 | 1 |
_aMarx, Karl, _d1818-1883 _930439 |
|
| 245 | 1 | 0 |
_aObras escogidas / _cCarlos Marx, F. Engels. |
| 250 | _a2a ed. | ||
| 260 |
_aMéxico : _bEdiciones Quinto Sol, _c1985. |
||
| 300 |
_av. ; _c20 cm. |
||
| 505 |
_gv.1. _tCarlos Marx: biografía completa. -- _gv.2. _tFederico Engels: biografía completa. -- _gv.3. _tTeorías sobre la plusvalía. -- _gv.7. _tDialéctica de la naturaleza. |
||
| 504 | _aIncluye notas al pie de las páginas. | ||
| 700 | 1 | 2 |
_aEngels, Friedrich, _d1820-1895 _960306 |
| 999 |
_c36257 _d36257 |
||